Handbook of preventive and social medicaine : (Record no. 127429)
[ view plain ]
| 000 -LEADER | |
|---|---|
| fixed length control field | 00706nam a22002297a 4500 |
| 005 - DATE AND TIME OF LATEST TRANSACTION | |
| control field | 20170124110025.0 |
| 010 ## - LIBRARY OF CONGRESS CONTROL NUMBER | |
| LC control number | A-953295 |
| 020 ## - INTERNATIONAL STANDARD BOOK NUMBER | |
| Terms of availability | 115.00 |
| 035 ## - SYSTEM CONTROL NUMBER | |
| System control number | A-953295 |
| 037 ## - SOURCE OF ACQUISITION | |
| Source of stock number/acquisition | Cen Lib/Ret |
| 040 ## - CATALOGING SOURCE | |
| Original cataloging agency | DPL |
| Language of cataloging | EN |
| 082 ## - DEWEY DECIMAL CLASSIFICATION NUMBER | |
| Classification number | 610 |
| Item number | BED |
| 100 ## - MAIN ENTRY--PERSONAL NAME | |
| Personal name | Bedi, Yash Pal |
| 9 (RLIN) | 108755 |
| 245 ## - TITLE STATEMENT | |
| Title | Handbook of preventive and social medicaine : |
| Statement of responsibility, etc | by Yash Pal Bedi |
| Remainder of title | for medical and public health students / |
| 250 ## - EDITION STATEMENT | |
| Edition statement | 16th ed |
| 260 ## - PUBLICATION, DISTRIBUTION, ETC. (IMPRINT) | |
| Place of publication, distribution, etc | Chandigarh |
| Name of publisher, distributor, etc | Anand Publishing Co. |
| Date of publication, distribution, etc | 1997 |
| 270 ## - ADDRESS | |
| City | Chandigarh |
| Address | 1141/18C |
| Postal code | 160018 |
| 300 ## - PHYSICAL DESCRIPTION | |
| Extent | xii, 287p. |
| Dimensions | 27cm(Hb) |
| 650 ## - SUBJECT ADDED ENTRY--TOPICAL TERM | |
| Topical term or geographic name as entry element | Medical science |
| Form subdivision | Texbooks |
| 9 (RLIN) | 20482 |
| 650 ## - SUBJECT ADDED ENTRY--TOPICAL TERM | |
| Topical term or geographic name as entry element | Health science |
| 9 (RLIN) | 16285 |
| 942 ## - ADDED ENTRY ELEMENTS (KOHA) | |
| Source of classification or shelving scheme | Dewey Decimal Classification |
| Koha item type | English Books |
| Classification part | 610 |
| Call number suffix | BED |
| Withdrawn status | Lost status | Damaged status | Not for loan | Home library | Current library | Date acquired | Source of acquisition | Cost, normal purchase price | Total Checkouts | Full call number | Barcode | Date last seen | Copy number | Cost, replacement price | Price effective from | Koha item type |
|---|---|---|---|---|---|---|---|---|---|---|---|---|---|---|---|---|
| Central Library | Central Library | 29/06/2015 | Cen Lib/Ret | 115.00 | 610 BED | A-953295 | 29/06/2015 | 1 | 115.00 | 15/09/2016 | English Books |
